KOHA-Header-6

SAT II Writing (Record no. 6280)

000 -LEADER
fixed length control field 00254nam a2200109Ia 4500
100 ## - MAIN ENTRY--AUTHOR NAME
Personal name Barrons
245 #0 - TITLE STATEMENT
Title SAT II Writing
260 ## - PUBLICATION, DISTRIBUTION, ETC. (IMPRINT)
Place of publication Lahore
Name of publisher Jahangir Book Depot
Year of publication 1998
300 ## - PHYSICAL DESCRIPTION
Number of Pages 394
942 ## - ADDED ENTRY ELEMENTS (KOHA)
Koha item type Books
Holdings
Withdrawn status Lost status Collection code Permanent Location Current Location Shelving location Date acquired Full call number Accession Number Koha item type
    Aptitude Tests MAJU MAJU Shelf No.A22 2019-09-07 823.3 1471 Aptitude Tests

Powered by Koha